Catálogo
 En Linea

Estudiar américa latina : (Registro nro. 33927)

Detalles MARC
000 -CABECERA
campo de control de longitud fija 00653nam a2200193 a 4500
001 - NÚMERO DE CONTROL
campo de control 000034436
005 - FECHA Y HORA DE LA ÚLTIMA TRANSACCIÓN
campo de control 20200930073710.0
008 - DATOS DE LONGITUD FIJA--INFORMACIÓN GENERAL
campo de control de longitud fija 111004s2009 cr b 000 0 spa d
020 ## - NÚMERO INTERNACIONAL ESTÁNDAR DEL LIBRO
Número Internacional Estándar del Libro 9789968951449
040 ## - FUENTE DE LA CATALOGACIÓN
Centro catalogador/agencia de origen DO-SdBNP
Lengua de catalogación spa
Centro/agencia transcriptor BNPHU
082 ## - NÚMERO DE LA CLASIFICACIÓN DECIMAL DEWEY
Número de clasificación xxx
Número de documento/Ítem E825a
245 00 - MENCIÓN DE TÍTULO
Título Estudiar américa latina :
Resto del título retos y perspectivas /
Mención de responsabilidad, etc. Compiladores Heriberto Cairo y Jussi Pakksvirta.
260 ## - PUBLICACIÓN, DISTRIBUCIÓN, ETC.
Lugar de publicación, distribución, etc. San José, Costa Rica :
Nombre del editor, distribuidor, etc. Alma Mater,
Fecha de publicación, distribución, etc. 2009.
300 ## - DESCRIPCIÓN FÍSICA
Extensión 203 p. :
Otras características físicas mapas ;
Dimensiones 23 cm.
500 ## - NOTA GENERAL
Nota general Incluye notas al pie de las páginas
504 ## - NOTA DE BIBLIOGRAFÍA, ETC.
Nota de bibliografía, etc. Bibliografía
700 1# - PUNTO DE ACCESO ADICIONAL--NOMBRE DE PERSONA
Nombre de persona Cairo, Heriberto,
Término indicativo de función/relación comp.
9 (RLIN) 42687
700 1# - PUNTO DE ACCESO ADICIONAL--NOMBRE DE PERSONA
Nombre de persona Pakkasvirta, Jussi,
Término indicativo de función/relación comp.
9 (RLIN) 59864
Existencias
Estado de retiro Estado de pérdida Restricciones de uso No para préstamo Código de colección Localización permanente Ubicación/localización actual Ubicación en estantería Fecha de adquisición Número de inventario Total de préstamos Signatura topográfica completa Código de barras Fecha visto por última vez Precio válido a partir de Tipo de ítem Koha
        Monografías: Libros y Folletos General General En catalogación 04.10.2011 LF1   xxx E825a 34436-10 25.06.2020 25.06.2020 Préstamo en sala

Con tecnología Koha